Výroba tvarovej súčiastky z plastu

Gespeichert in:
Bibliographische Detailangaben
1. Verfasser: Uhlík, Martin (Verfasst von)
Weitere Verfasser: Tillinger, Tomáš (Betreuung Doktorarbeit)
Format: Manuskript Buch
Sprache:Slowakisch
Veröffentlicht: 2021
Schlagworte:
Online-Zugang:http://is.stuba.sk/zp/portal_zp.pl?podrobnosti=154409
Tags: Tag hinzufügen
Keine Tags, Fügen Sie das erste Tag hinzu!

MARC

LEADER 00000ntm a22000003a 4500
001 stuzp83988
003 SK-STU
005 20210703212423.4
007 ta
008 150427s2015----xo-----f-mn---000-0-slo-d
040 |a STU  |b slo 
041 0 |a slo 
100 1 |a Uhlík, Martin  |u 063000  |4 aut  |U MTF Materiálovotechnologická fakulta  |T MTF Ústav výrobných technológií  |X 97143  |U M3000  |Y 83  |7 97143 
242 0 1 |a Production of shaped plastic part  |y eng 
245 1 0 |a Výroba tvarovej súčiastky z plastu 
260 |c 2021 
650 4 |a Technológia frézovania  |2 slo 
650 4 |a 5 – osové frézovanie  |2 slo 
650 4 |a Technológia 3D tlače  |2 slo 
650 4 |a tvarová plastová súčiastka  |2 slo 
650 4 |a Impeller  |2 slo 
650 4 |a SolidCAM  |2 slo 
650 4 |a PrusaSlicer  |2 slo 
650 4 |a Milling technology  |2 eng 
650 4 |a 5-axis milling  |2 eng 
650 4 |a shaped plastic part  |2 eng 
650 4 |a Impeller  |2 eng 
650 4 |a SolidCAM  |2 eng 
650 4 |a PrusaSlicer  |2 eng 
650 4 |a Technology of 3D printing  |2 eng 
700 1 |a Tillinger, Tomáš  |4 ths  |X 52122  |7 A000052122 
856 4 |u http://is.stuba.sk/zp/portal_zp.pl?podrobnosti=154409 
996 |c M* BP-9235  |l MMSKP  |s P  |a 0  |w stuzp83988_0001